Les 12 coups de midi | Coup fatal #19 - Statistiques

Statistiques générales
  • Ce quiz a été pris 399 fois
  • Le résultat moyen est 7 sur 21
Statistiques - réponses
Questions Réponses % Correct
Que devient une jarre quand on remplace les 2 "R" par 2 "T" ? jatte
88%
Quel massif montagneux s'appelle "Monte Bianco" en italien ? Mont Blanc
86%
De quelle couleur est le cercle au centre du drapeau brésilien ? bleu
85%
Si vous dites "C'est Bibi qui paye", qui va payer ? moi / soi
59%
A quel philosophe doit-on l'allégorie de la caverne ? Platon
47%
Dans quel pays se trouve l'Etat de Victoria ? Australie
46%
Comment appelle-t-on la fine bande de métal fixée sous les patins à glace ? lame
45%
Par définition, quelle ligne est le chemin le plus court entre deux points ? droite
42%
Quel bateau à fond plat est utilisé pour le transport fluvial ? peniche
38%
Quel écrivain américain maître de l'épouvante est l'auteur de "Carrie" et de "Shining" ? Stephen King
38%
En 2020, dans quel pays Pierre Gasly a-t-il remporté son premier Grand Prix de Formule 1 ? Italie
36%
Que buvez-vous si on vous sert une tasse de darjeeling ? thé
30%
Quelle ville est la capitale du Texas ? Austin
28%
Qui était président des Etats-Unis quand a éclaté la Seconde Guerre mondiale ? Franklin D. Roosevelt
27%
Quels ustensiles de cuisine sont le tranchelard et l'éminceur ? couteaux
20%
Dans quel roman apparaissent les personnages de Grangibus et Tigibus ? La Guerre des boutons
15%
Comment s'appelle le nid des aigles ? aire
5%
Quel terme désigne un vaste plateau calcaire dans le sud-ouest de la France ? causse
4%
Quel dessinateur a créé le personnage de Picsou ? Carl Barks
1%
Quel écrivain colombien disparu en 2014 a écrit "Nous nous verrons en août", sorti en 2024 ? Gabriel Garcia Marquez
1%
Sous quel surnom est connu Louis II de Bourbon, cousin de Louis XIV ? Grand Condé
0%
Aucun quiz correspondant
Distribution des résultats
% des personnes avec chaque résultat
Percentile par nombre de réponses
Votre historique - résultats
Vous n’avez pas pris ce quiz